ARRUPE JESUIT UNIVERSITY

CORONAVIRUS -STOP THE SPREAD - CLEAN,DISINFECT,COVER

The Battle of Spioenkop (Record no. 121494)

MARC details
000 -LEADER
fixed length control field 00444nam a22001337a 4500
008 - FIXED-LENGTH DATA ELEMENTS--GENERAL INFORMATION
fixed length control field 141211b xxu||||| |||| 00| 0 eng d
050 ## - LIBRARY OF CONGRESS CALL NUMBER
Classification number SPC DT934.S65 B336
100 ## - MAIN ENTRY--PERSONAL NAME
Personal name Kwazulu Natal Nature Conservation Service
9 (RLIN) 13391
245 ## - TITLE STATEMENT
Title The Battle of Spioenkop
Statement of responsibility, etc Kwazulu Natal Nature Conservation Service
260 ## - PUBLICATION, DISTRIBUTION, ETC. (IMPRINT)
Place of publication, distribution, etc no date
Date of publication, distribution, etc Durban
300 ## - PHYSICAL DESCRIPTION
Extent 12p. ;
Dimensions 21cm.
650 ## - SUBJECT ADDED ENTRY--TOPICAL TERM
Topical term or geographic name as entry element Spion Kop. Battle of South Africa
Geographic subdivision 1900
9 (RLIN) 13392
942 ## - ADDED ENTRY ELEMENTS (KOHA)
Source of classification or shelving scheme Library of Congress Classification
Item type SPC
Holdings
Withdrawn status Lost status Source of classification or shelving scheme Damaged status Not for loan Collection code Home library Current library Shelving location Date acquired Total Checkouts Full call number Barcode Date last seen Price effective from Koha item type
    Library of Congress Classification     SPECIAL Collection ARRUPE LIBRARY ARRUPE LIBRARY Main Collection 11/12/2014   SPC DT934.S65 B336 46500003440 11/12/2014 11/12/2014 SPC

 

Arrupe Library. PO Box MP320 Mt Pleasant, Harare, Zimbabwe
263 242 745411|librarian@aju.ac.zw